[Event "Guayaquil zt 2.3.5 (Women)"]
[Site "Guayaquil"]
[Date "2012.03.05"]
[Round "1"]
[White "Pinargote Carreno, Kassandra"]
[Black "Saltos Velez, Ilenia"]
[Result "1/2-1/2"]
[WhiteElo "1929"]
[BlackElo "1667"]
[PlyCount "58"]
[EventDate "2012.03.05"]
[EventType "swiss"]
[EventRounds "9"]
[EventCountry "ECU"]
[SourceTitle "EXT 2013"]
[Source "ChessBase"]
[SourceDate "2012.11.22"]
[SourceVersion "1"]
[SourceVersionDate "2012.11.22"]
[SourceQuality "1"]

1. e4 d5 2. exd5 Qxd5 3. Nc3 Qa5 4. Nf3 Nf6 5. d4 c6 6. Bd2 Qc7 7. Be2 Bg4 8. h3 Bh5 9. 0-0 Nbd7 10. Be3 e6 11. Re1 Be7 12. Qd2 0-0-0 13. Bf4 Bd6 14. Bxd6 Qxd6 15. Rad1 Nb6 16. Ne5 Bg6 17. a3 Nfd5 18. Nxd5 exd5 19. c4 dxc4 20. Nxc4 Nxc4 21. Bxc4 Rhe8 22. Rxe8 Rxe8 23. d5 Rd8 24. Qc3 f6 25. Rc1 Kb8 26. dxc6 Qxc6 27. Qg3+ Qd6 28. Qf3 Qd2 29. Qg3+ Qd6 1/2-1/2